000 00301nam a22001217a 4500
008 171107b xxu||||| |||| 00| 0 eng d
041 _aeng
080 _23RD
_a330.722.6
100 _a62
101 _aKON
245 _aMANAMGEMENT ACCOUNTING FOR HEALTHCARE ORGANIZATIONS
_cSUVER,J.D
942 _2udc
_cBK
999 _c37988
_d37988